| 000 | 00462cam a2200181ua 4500 | ||
|---|---|---|---|
| 020 | _c10.0 | ||
| 041 |
_aeng _h |
||
| 082 |
_a101 _bPOT/PR |
||
| 100 | _aPeter, Carl H . | ||
| 245 |
_aPresuppositions of India`s philosophies / _cKarl H Peter. _hTextual Documents |
||
| 250 |
_a1 / _b. |
||
| 260 |
_aNew Delhi : _bPrentice Hall of India Pvt Ltd. , _c1963. |
||
| 300 | _a276 ; . | ||
| 365 | _a10.0 | ||
| 504 | _a | ||
| 942 | _cBK | ||
| 999 |
_c10250 _d10250 |
||